Elementary teachings of Islam

Bibliographic Details
Main Author: Siddiqui, Mohammed Abdul-Aleem (Author)
Format: Book
Published: [s.l.] : Crescent , [19--]
Subjects:

MARC

LEADER 00000cam a2200000 7i4500
001 0000006936
005 20040405093000.0
008 021119n
090 0 0 |a BP174   |b .S5224 
100 0 |a Siddiqui, Mohammed Abdul-Aleem ,   |e author 
245 0 0 |a Elementary teachings of Islam   |c Mohammed Abdul-Aleem Siddiqui 
260 2 |a [s.l.] :   |b Crescent ,   |c [19--] 
300 |a 105 p. ;   |c 22 cm. 
650 0 |a Islamic religious education of children 
650 0 |a Islam   |x Study and teaching 
999 |a 1000005324   |b Book   |c OPEN SHELF (30 DAYS)   |e Gong Badak Campus 
999 |a 1000005326   |b Book   |c OPEN SHELF (30 DAYS)   |e Medical Campus 
999 |a 1000005327   |b Book   |c OPEN SHELF (30 DAYS)   |e Gong Badak Campus